000 00634nam a2200217 a 4500
001 000013577
005 20200929163257.0
008 091125s1969 sp 000 f spa d
040 _aDO-SdBNP
_bspa
_cBNPHU
082 _a863.5
_bP438tri
100 1 _aPérez Galdós, Benito,
_d1843-1920
_93681
245 1 0 _aTristana /
_cBenito Pérez Galdós.
260 _aBarcelona :
_bAlfaguara,
_c1969.
300 _a232 p. ;
_c19 cm.
490 1 _aNarración bolsillo
_v1
650 4 _aNovela española
_91123
650 4 _aLiteratura española
_ySIGLO XX
_93326
830 0 _aNarración bolsillo ;
_v1
_930956
910 _aWM
049 _aBNGR
999 _c13197
_d13197